书目信息 |
| 题名: |
动物学野外实习指导
|
|
| 作者: | 安建梅 , 芦荣胜 主编 | |
| 分册: | ||
| 出版信息: | 北京 科学出版社 2008.08 |
|
| 页数: | 358页 | |
| 开本: | 24cm | |
| 丛书名: | ||
| 单 册: | ||
| 中图分类: | Q95-45 | |
| 科图分类: | ||
| 主题词: | 动物学--dong wu xue--教育实习 | |
| 电子资源: | ||
| ISBN: | 978-7-03-021958-9 | |
| 000 | 00963nam0 2200253 450 | |
| 001 | CAL 012008131073 | |
| 005 | 20111224170713.07 | |
| 010 | @a978-7-03-021958-9@dCNY36.00 | |
| 100 | @a20080928d2008 km y0chiy0121 ea | |
| 101 | 0 | @achi |
| 102 | @aCN@b110000 | |
| 105 | @aa a 000yy | |
| 200 | 1 | @a动物学野外实习指导@Adong wu xue ye wai shi xi zhi dao@f安建梅, 芦荣胜主编 |
| 210 | @a北京@c科学出版社@d2008.08 | |
| 215 | @a358页@c图@d24cm | |
| 300 | @a21世纪高等院校教材 | |
| 320 | @a有书目 (第357-358页) | |
| 330 | @a本书共七章,从动物学实习的前期准备工作到实习结束的实习总结都进行了全面地阐述;主要介绍了动物学野外实习常识;山东海滨动物、淡水动物、陆生节肢动物、土壤动物、其它陆生动物的采集、观察、处理、鉴定及分布概况。 | |
| 606 | 0 | @a动物学@Adong wu xue@x教育实习 |
| 690 | @aQ95-45@v4 | |
| 701 | 0 | @a安建梅@Aan jian mei@4主编 |
| 701 | 0 | @a芦荣胜@Alu rong sheng@4主编 |
| 801 | 0 | @aCN@bZZRC@c20111224 |
| 905 | @a郑州市财税学校图书馆@dQ95-45@eA662@f2 | |
| 动物学野外实习指导/安建梅, 芦荣胜主编.-北京:科学出版社,2008.08 |
| 358页:图;24cm |
| 21世纪高等院校教材 |
| ISBN 978-7-03-021958-9:CNY36.00 |
| 本书共七章,从动物学实习的前期准备工作到实习结束的实习总结都进行了全面地阐述;主要介绍了动物学野外实习常识;山东海滨动物、淡水动物、陆生节肢动物、土壤动物、其它陆生动物的采集、观察、处理、鉴定及分布概况。 |
| ● |
| 相关链接 |
|
|
|
正题名:动物学野外实习指导
索取号:Q95-45/A662
 
预约/预借
| 序号 | 登录号 | 条形码 | 馆藏地/架位号 | 状态 | 备注 |
| 1 | 1065445 | 210654451 | 自科库401/401自科库 36排3列3层/ [索取号:Q95-45/A662] | 在馆 | |
| 2 | 1065446 | 210654460 | 自科库401/401自科库 36排3列3层/ [索取号:Q95-45/A662] | 在馆 |